| 000 | 00648nam a2200229Ia 4500 | ||
|---|---|---|---|
| 003 | OSt | ||
| 005 | 20221007064228.0 | ||
| 006 | a|||||r|||| 00| 0 | ||
| 007 | ta | ||
| 008 | 221006b |||||||| |||| 00| 0 eng d | ||
| 024 | _a1,863 | ||
| 037 | _cReference Collections | ||
| 040 |
_aFLL _cFLL _beng |
||
| 041 |
_2eng _aeng |
||
| 082 | _aZ1z7, K91 | ||
| 100 |
_aAmerasinghe C.F. _9477172 |
||
| 245 | 0 | _aStudies in international law | |
| 260 |
_aColombo _bLake House Investments Ltd. Sri Lanka _c1969 |
||
| 650 | _aInternational law | ||
| 942 |
_hZ1z7, K91 _cREF _2CC |
||
| 999 |
_c1133322 _d1133322 |
||